| 000 | 00000nam##2200000za#4500 |
| 001 | 9.572477 |
| 003 | CaOODSP |
| 005 | 20220111083104 |
| 007 | cr ||||||||||| |
| 008 | 150406|1996||||xxc|||||o f|0| 0 eng|d |
| 022 | |a1928-6414 |
| 040 | |aCaOODSP|beng |
| 043 | |an-cn--- |
| 086 | 1 |aNE22-1/1996-13E-PDF |
| 110 | 1 |aCanada. |bNational Energy Board. |
| 245 | 10|aReasons for decision in the matter of Westcoast Energy Inc. : |h[electronic resource]|bapplication dated 15 January 1996, as amended, for the acquisition of facilities and a certificate to operate and toll methodology for such facilities |
| 246 | 1 |iVariant title : |aWestcoast Energy Inc. |
| 260 | |aCalgary - Alberta : |bNational Energy Board |cJuly 1996. |
| 300 | |a40p.|bmaps, tables |
| 490 | 1 |aReasons for decision|x1928-6414|vMH-2-96 |
| 500 | |aThe catalogue number (NE22-1/1996-13E) and ISBN (0-662-24888-0) for the print edition have been incorrectly copied in this electronic publication. |
| 590 | |a12-07-Supp|b2012-03-09 |
| 775 | 08|tMotifs de décision relativement à Westcoast Energy Inc. : |w(CaOODSP)9.602824 |
| 776 | 0#|tIn the matter of Westcoast Energy Inc. : |w(CaOODSP)9.613253 |
| 830 | #0|aReasons for decision (Canada. National Energy Board)|x1928-6414|vMH-2-96|w(CaOODSP)9.504480 |
| 856 | 40|ahttp://publications.gc.ca|qPDF|s148 KB|uhttps://publications.gc.ca/collections/Collection/NE22-1-1996-13E.pdf|yMH-2-96 |